| 000 | 01616nam a2200409 i 4500 | ||
|---|---|---|---|
| 001 | 11399 | ||
| 003 | KOSZ 005 | ||
| 005 | 20200124094058.0 | ||
| 008 | 081125s1960 pl f d |000 0 pol | ||
| 015 | _aPB 1960/6148 | ||
| 035 | _a(OCoLC)749591967 | ||
| 040 |
_aWA N _cKOSZ 005/EG _dKOSZ 005/EG _dKOSZ 005/HR |
||
| 041 | 0 |
_apol _aeng _ager _afre _arus |
|
| 046 | _k1960 | ||
| 080 | _a539.3/.6 | ||
| 080 | _a(038) | ||
| 245 | 1 | 0 |
_aSłownik terminologii mechaniki klasycznej w 5 językach : _b polski, niemiecki, angielski, francuski, rosyjski. _nDział 10, _pWytrzymałość materiałów / _c[red. J. Leyko]. |
| 246 | 3 | 0 | _aVocabularium der klassischen Mechanik in 5 Sprachen. |
| 246 | 3 | 0 | _aVocabulary of classical mechanics in 5 languages |
| 246 | 3 | 0 | _aVocabulaire de la mécanique classique en 5 langues |
| 246 | 3 | 0 | _aSbornik terminov po klassičeskoj mehanike na 5-ti âzykah |
| 246 | 3 | 0 | _aWytrzymałość materiałów. |
| 260 |
_aWarszawa : _bPaństwowe Wydawnictwa Techniczne, _c1960. |
||
| 300 |
_aVIII, 59, [1] s. ; _c30 cm. |
||
| 380 | _aKsiążki. | ||
| 388 | _a1901-2000 | ||
| 658 | _aFizyka i astronomia | ||
| 658 | _aJęzykoznawstwo | ||
| 650 | 4 | _aTerminologia | |
| 650 | 4 | _aWytrzymałość materiałów | |
| 655 | 4 | _aSłownik terminologiczny | |
| 655 | 4 | _aSłownik wielojęzyczny | |
| 710 | 2 |
_aPaństwowe Wydawnictwa Techniczne _4pbl. |
|
| 700 | 1 |
_aLeyko, Jerzy _d(1918-1995) _eRedakcja |
|
| 856 |
_uhttps://kohabib.tu.koszalin.pl/cgi-bin/koha/cataloguing/addbiblio.pl?biblionumber=11399 _yKatalog online BPK |
||
| 942 |
_2UKD _cKS |
||
| 999 |
_c11399 _d11399 |
||